NHL Legends - Statistics

General Stats
  • This quiz has been taken 799 times
    789 since last reset
  • The average score is 9 of 15
Answer Stats
Hint Answer % Correct
Edmonton Oilers Wayne Gretzky
99%
Boston Bruins Bobby Orr
86%
Pittsburgh Penguins Mario Lemieux
84%
Detroit Red Wings Gordie Howe
83%
Oilers/Rangers Mark Messier
81%
Avalance/Canadiens Patrick Roy
80%
Colorado Avalanche Joe Sakic
76%
Montreal Canadiens Maurice Richard
72%
New York Islanders Mike Bossy
61%
Chicago Blackhawks Bobby Hull
59%
Vancouver Canucks Pavel Bure
49%
Calgary Flames Lanny McDonald
35%
Ducks/Devils Scott Niedermayer
35%
Pheonix Coyotes Jeremy Roenick
21%
Minnesota Wild Minnesota Wild Fans
4%
No matching quizzes found
Score Distribution
Percent of People with Each Score
Percentile by Number Answered
Your Score History
You have not taken this quiz since the last reset